000 00434nam a2200121Ia 4500
008 240731s9999 xx 000 0 und d
022 _a2474-5340
245 0 _aCanadian Journal of Respiratory, Critical Care, and Sleep Medicine : Revue canadienne des soins respiratoires et critiques et de la médecine du sommeil
260 _bTaylor & Francis
856 _uhttps://www.tandfonline.com/loi/ucts20
942 _2ddc
942 _cTFEJ
999 _c75758
_d75758
945 _a1
_bMadushi Gamage
_c1
_dMadushi Gamage